000 00448nam a2200193Ia 4500
005 20240823050148.0
008 240823s9999||||xx |||||||||||||| ||und||
020 _a978-93-80358-52-9
041 _aENGLISH
082 _A625.7 Q2
100 _aRangwala
245 0 _aHighway Engineering
250 _a8th
260 _c2012
_bCharotar Publishing
500 _aYES
650 _aHighway Engineeirng
_bCivil
942 _cBK
999 _c216619
_d216619